000 00696nam a22002297a 4500
003 UA-OsUOA
001 42466
007 ta
008 20061106b un ||||| |||| 00| 0 ukr d
100 _aПаршукова Г.Б.
090 _a01(075)
_bП18
942 _cBK
040 _aUA-OsUOA
_brus
_cUA-OsUOA
_dUA-OsUOA
245 _aМетодика поиска профессиональной информации
_bучеб.- метод.пособие
300 _a224 с.
955 _a1
041 _arus
080 _a01(075)
260 _aСПб
_bПрофессия
_c2006
650 7 _a01 Бібліографія і бібліографії. Каталоги
_2UDC
999 _c328607
_d328607